Statistiques concernant Pays limitrophes aux Capitales commençant par la même lettre

Cliquez ici pour prendre le quiz!

Statistiques générales

  • Ce quiz a été pris 126 fois
    (123 depuis la dernière actualisation)
  • Le résultat moyen est 21 sur 47

Statistiques - réponses

% Correct
Allemagne
78%
Russie
70%
Belgique
68%
Brésil
67%
Brésil
67%
Chine
67%
Roumanie
62%
Suisse
62%
Colombie
59%
Hongrie
59%
Hongrie
59%
Hongrie
59%
Argentine
57%
Biélorussie
56%
Corée du Nord
54%
Slovaquie
53%
R.D. Congo
52%
Rép. du Congo
52%
Inde
51%
Serbie
49%
Autriche
46%
Bolivie
46%
Bolivie
46%
Pérou
44%
Niger
43%
Chili
42%
Birmanie
39%
Liechtenstein
39%
Turquie
38%
Tchad
35%
Grèce
34%
République centrafricaine
34%
Rwanda
34%
Angola
33%
Libye
32%
Pologne
32%
Kosovo
30%
Monténégro
30%
Tunisie
30%
Lituanie
29%
Zambie
29%
Bulgarie
28%
Macédoine du Nord
25%
Éthiopie
24%
Érythrée
23%
Mozambique
19%
Eswatini
13%

Distribution des résultats

Percentile par nombre de réponses

% des personnes avec chaque résultat

Votre développement - résultats

Vous n’avez pas pris ce quiz depuis la dernière actualisation